<?xml version="1.0" encoding="UTF-8"?>
<record
    xmlns:xsi="http://www.w3.org/2001/XMLSchema-instance"
    xsi:schemaLocation="http://www.loc.gov/MARC21/slim http://www.loc.gov/standards/marcxml/schema/MARC21slim.xsd"
    xmlns="http://www.loc.gov/MARC21/slim">

  <leader>00594nam a2200169Ia 4500</leader>
  <controlfield tag="008">090711s9999    xx            000 0 und d</controlfield>
  <datafield tag="082" ind1=" " ind2=" ">
    <subfield code="b">1254</subfield>
  </datafield>
  <datafield tag="100" ind1=" " ind2=" ">
    <subfield code="a">&#x92E;&#x924;&#x915;&#x930;&#x940; &#x930;&#x924;&#x94D;&#x928;&#x93E;&#x915;&#x930;</subfield>
  </datafield>
  <datafield tag="245" ind1=" " ind2=" ">
    <subfield code="a">&#x936;&#x942; &#x915;&#x941;&#x920;&#x902; &#x92C;&#x94B;&#x932;&#x92F;S&#x93E;&#x902; &#x928;&#x93E;&#x939;&#x940;</subfield>
  </datafield>
  <datafield tag="260" ind1=" " ind2=" ">
    <subfield code="b">&#x906;&#x92D;&#x93E; &#x92A;&#x94D;&#x930;&#x915;&#x93E;&#x936;&#x928;</subfield>
    <subfield code="c">1998</subfield>
  </datafield>
  <datafield tag="300" ind1=" " ind2=" ">
    <subfield code="a">84</subfield>
  </datafield>
  <datafield tag="600" ind1=" " ind2=" ">
    <subfield code="a">&#x92E;&#x924;&#x915;&#x930;&#x940; &#x930;&#x924;&#x94D;&#x928;&#x93E;&#x915;&#x930;</subfield>
  </datafield>
  <datafield tag="630" ind1=" " ind2=" ">
    <subfield code="a">&#x936;&#x942; &#x915;&#x941;&#x920;&#x902; &#x92C;&#x94B;&#x932;&#x92F;S&#x93E;&#x902; &#x928;&#x93E;&#x939;&#x940;</subfield>
  </datafield>
  <datafield tag="700" ind1=" " ind2=" ">
    <subfield code="a">&#x92E;&#x924;&#x915;&#x930;&#x940; &#x930;&#x924;&#x94D;&#x928;&#x93E;&#x915;&#x930;</subfield>
  </datafield>
  <datafield tag="730" ind1=" " ind2=" ">
    <subfield code="a">&#x936;&#x942; &#x915;&#x941;&#x920;&#x902; &#x92C;&#x94B;&#x932;&#x92F;S&#x93E;&#x902; &#x928;&#x93E;&#x939;&#x940;</subfield>
  </datafield>
  <datafield tag="942" ind1=" " ind2=" ">
    <subfield code="c">BOOK</subfield>
  </datafield>
  <datafield tag="999" ind1=" " ind2=" ">
    <subfield code="c">336236</subfield>
    <subfield code="d">336236</subfield>
  </datafield>
</record>
